The Dark Side of Valuation : Valuing Old Tech, New Tech, and New Economy Companies /

محفوظ في:
التفاصيل البيبلوغرافية
المؤلف الرئيسي: Damodaran, Aswath (autor)
التنسيق: كتاب
اللغة:الإنجليزية
منشور في: Londres, Inglaterra : Prentice-Hall : Financial Times, 2001, c2001
الموضوعات:
الوسوم: إضافة وسم
لا توجد وسوم, كن أول من يضع وسما على هذه التسجيلة!

MARC

LEADER 00000nam^a2200000^a^4500
001 000136563
005 20250521000000.0
009 20260310095322.873
020 |a 0-13-040652-X 
037 |a Acervo ITESO - Biblioteca 
041 |a ING 
082 |a 658. 155  |b DAM 
100 |a Damodaran, Aswath  |e (autor) 
245 1 4 |a The Dark Side of Valuation :  |b Valuing Old Tech, New Tech, and New Economy Companies /  |c A. Damodaran. 
264 4 |a Londres, Inglaterra :  |b Prentice-Hall :  |b Financial Times,  |c 2001, c2001 
300 |a XIX, 479 p. 
336 |a texto  |b txt  |2 rdacontenido 
337 |a sin mediación  |b n  |2 rdamedio 
338 |a volumen  |b nc  |2 rdasoporte 
649 |a XX 
650 |a Empresas 
650 |a Valuación de Empresas 
650 |a Análisis Económico 
650 |a Finanzas 
650 |a Inversiones 
650 |a Toma de Decisiones 
650 |a Planeación Económica 
650 |a Administración Financiera 
650 |a Contabilidad Financiera 
650 |a Proceso Administrativo 
650 |a Administración 
650 |a Economía 
650 |a Ciencias Administrativas 
910 |a Fondo General 
920 |a Impresos - Libros 
930 |a Colección General 
905 |a 101 
901 |a 0500065359  |b IT1  |c ACC  |u 20250521 
902 |a https://opac.biblio.iteso.mx/vufind/Record/000136563